MDQL
is popping MORE tags! Check the
thread
!
Quizzes
Events
Quiz Creation
Community
Videos
Private Events
Remove Ads
Sign In
Join for FREE
Feedback
Dark Mode
Quiz Categories
Sports
Geography
Music
Movies
Television
Just For Fun
Miscellaneous
History
Literature
Language
Science
Gaming
Entertainment
Religion
Holiday
For Kids
Quiz Lab
Recent
Popular Today
Quiz Kudos Today
Editor Picks
Curator Picks
Quizzes by...
Day
Popularity
Type
Ratings
Length
Year
Community
Subscriptions
Recent Discussions
Orange Saloon
Badges
Playlists
Quests
Create
Leaderboards
Showdown
Live 5
Trivia Bingo
Activity
Puzzle Library
Sporcle Events
Private Events
Virtual Trivia
Globe League
Become a Host
Pub Owners
SporcleCon
Opinionation
Our Games
Videos
Blog
Mobile Apps
Partnerships
Remove Ads and Go Orange
Feedback
Music
Pop Music
The Beatles
Song
Album
Lyrics
Bands
Singers
Artist
Clip
Rock
Rap
Classical
Billboard
Country Music
Kpop
Taylor Swift
Music
Pop Music
The Beatles
Song
Album
Lyrics
Bands
Singers
Artist
Clip
Rock
Rap
Classical
Billboard
Country Music
Kpop
Taylor Swift
Random Quiz
Search Sporcle
×
Quiz Lab
Quiz Lab
Music
Spring
Type in answers that appear in a list
Type in answers that appear in a list
Classic
Best Score? Go Orange.
Igor Stravinsky/The Rite Of Spring Stats
Can you name the Igor Stravinsky/The Rite Of Spring
By
Preliator
10m
22 Questions
142 Plays
142 Plays
142 Plays
Comments
Comments
Give Quiz Kudos
Give Quiz Kudos
-
- Ratings
hide this ad
Replay
Link that replays current quiz
Next Quiz
Link to next quiz in quiz playlist
You Got
0%
They Got
Avg Score
27%
Avg Friend Score
Upgrade to see
Score Distribution
Jump to the score distribution portion of the page
Score
0/22
Timer
10:00
0
Plays Today
Hint
Answer
% Correct
This instrument plays the opening lines to The Rite of Spring.
Bassoon
62%
The first original ballet for the Ballet Russes composed by Stravinsky.
The Firebird
57.7%
Ballet about a puppet come to life by Stravinsky, composed by Stravinsky.
Petrushka
50.7%
Legendary dancer whose performance in Petrushka sealed his status.
Vaclav Nijinsky
50.7%
This happened at the initial premiere of The Rite Of Spring.
Riot
50.7%
The number of folk tunes quoted in The Rite Of Spring.
At least a dozen
47.2%
This piece by Rimsky-
Korsakov was included in the Ballet Russes.
Scheherazade
42.3%
Organized the Ballets Russes from 1909-
1910.
Sergei Diaghilev
40.8%
The opening texture of The Rite Of Spring.
Monophony
31%
This is the scale used in the introduction of The Rite of Spring.
Octatonic
21.8%
The climax of the ballet.
The Sacrificial Dance
20.4%
Hint
Answer
% Correct
Stravinsky consulted this painter and expert on ancient Slavic culture when creating the scenario for Rite of Spring. Also designed costumes.
Nikolai Roerich
19%
The original melody for the opening of The Rite of Spring is derived from this type of song.
Lithuanian wedding song
15.5%
The kind of chord employed by Stravinsky in the beginning of 'The Omens Of Spring'.
Polychord
14.1%
Nijisky choreographed this work of Debussy's a year before the debut of The Rite Of Spring to popular dissent.
Jeux
14.1%
Nijinsky's attempt to do this with the beat caused issues during rehearsals.
Count
13.4%
The architecture of the aforementioned theater was often mocked due to this quality.
It was regarded as too Germanic
11.3%
The venue at which The Rite Of Spring debuted.
Théâtre des Champs-Élysées
10.6%
The Rite Of Spring debuted at this English Theatre without incident.
Theatre Royal Drury Lane
6.3%
This conductor tried to organize a performance of Rite of Spring ad a concet work again in Paris less than a year after its debut.
Pierre Monteux
6.3%
Stravinsky employed this musical device to jolt the listener with their unexpected appearance.
Syncopated Accents
4.2%
This American dance historian attempted to reconstruct Nijinsky original choreography for The Rite Of Spring.
Millicent Hodson
4.2%
Quiz Playlist
Details
Report
Send in Message
Add To Playlist
Classic:
Type in answers that appear in a list
Last Updated: Jul 14, 2017
Quiz Scoreboard
CHALLENGE
Sign Up to Join the Scoreboard
Show All
Scores
Hide
Comments
May contain spoilers
Recently Published
1-10 Letter E Words III
by El_Dandy
Language
2m
Street Fighter Characters
by Artimus82
Gaming
60s
College Basketball Coaching Resumes
by pancakes188
Sports
9m
More to Explore
Quiz From the Vault
Featured Blog Post
Where Did the Easter Bunny Come From?
hide this ad
You Might Also Like...
Tags
rite
Spring
Stravinsky
Today's Top Quizzes in Music
Browse Music
hide this ad
Today's Top Quizzes in Spring
Browse Spring
Top Contributed Quizzes in Music
1
Taylor Swift All Songs (2024)
2
Taylor Swift Logic Puzzle
3
Guess the Artist- 70s Songs
4
7-to-1: Billboard Hot 100 #1 Hits of 2010s
5
Sorting Albums and Songs
6
KPOP LOGIC QUIZ
7
Billboard Blitz: Aretha Franklin
8
Guess the Taylor Swift song (Mystery Song)
9
Guess The Taylor Swift Lyrics Song #1
10
Billboard Blitz: ABBA
Explore More
Trending Topics
Marvel
Harry Potter
Disney
Anime
NBA
Crossword
Kpop
WWE
Song
Country
Puzzle
Pokémon
Soccer
The Office
NFL
hide this ad
More By:
Preliator
Quiz
Plays
Rating
Category
Featured
Created
Anime Quotes
253
1.67
Entertainment
Dec 15, 2012
Igor Stravinsky/The Rite Of Spring
142
4.00
Music
Dec 16, 2013
World War I Economics
46
1.00
History
Dec 18, 2013
Battle of Verdun
32
History
Jan 28, 2014
Henri Matisse
28
3.25
History
Dec 2, 2013
Go to Creator's Profile
Score Distribution
Quiz Creator Spotlight
Preliator
Follow
Send a Message
Quizzes Created
-
Created Quiz Play Count
-
More By This Creator
Popular Quizzes Today
1
Find the US States - No Outlines Minefield
2
Find the Countries of Europe - No Outlines Minefield
3
The Countries of the World
4
Find the US States
5
Risky Map Clicking: Biggest States A-Z
6
US States
7
Popular People in 1961
8
Movies - When Are They Set?
More Music Quizzes
Artists in Billboard's Top 10 (2020)
Quiz Lab
Trending Quizzes
Risky Map Clicking: Least Populous States A-Z
1-10 Letter G Words
1-10 Letter F Words
Countries of the World: 200 Million BC
Risky Map Clicking: Next State Alphabetically
Recently Updated
Beyoncé Albums
pecheneg
Leaping Animals
pecheneg
Reality TV Shows (A-Z)
bhenderson79
Rickey Henderson's Hall of Fame Teammates
pecheneg
Champions League XIs: Arsenal
pecheneg
Quick Pick: Celebrities in WWE's Hall of Fame
aduchscher
A-Z Keypad Blitz II
pecheneg
Multiple Oscar Actors
pecheneg
Mystery Phrase Blitz: Oscar 'Best Actors'
pecheneg
F. Scott Fitzgerald Novels
LTH
Trending Topics
NBA
Harry Potter
Crossword
Anime
Disney
Marvel
Kpop
Soccer
NFL
WWE
Pokémon
Puzzle
Song
Country
The Office
Your Account Isn't Verified!
In order to create a playlist on Sporcle, you need to verify the email address you used during registration. Go to your
Sporcle Settings
to finish the process.
Report this User
Report this user for behavior that violates our
Community Guidelines
.
Details:
Send Report
Go to the Sporcle.com Mobile Site →
Comments